Zhodnotenie implementácie významných projektových opatrení osi 1 Programu rozvoja vidieka SR 2007–2013 na území Slovenskej republiky

V článku boli analyzované významné opatrenia osi 1 (Zvýšenie konkurencieschopnosti sektora poľnohospodárstva a lesného hospodárstva) Programu rozvoja vidieka SR 2007–2013 hlavne z aspektov výšky schválených a čerpaných finančných prostriedkov: opatrenie 1.1 Modernizácia fariem, opatrenie 1.2 Pridáva...

Ausführliche Beschreibung

Gespeichert in:
Bibliographische Detailangaben
1. Verfasser: Vajcíková, Ružena
Weitere Verfasser: Rybár, Vladimír, Buday, Michal
Format: Buchkapitel
Sprache:Slowakisch
Schlagworte:
Tags: Tag hinzufügen
Keine Tags, Fügen Sie das erste Tag hinzu!

MARC

LEADER 00000nla a2200000 4500
001 0197553
005 20240417075053.2
041 0 |a slo 
044 |a SK 
245 1 0 |a Zhodnotenie implementácie významných projektových opatrení osi 1 Programu rozvoja vidieka SR 2007–2013 na území Slovenskej republiky  |c Ružena Vajcíková, Vladimír Rybár, Michal Buday 
520 |a V článku boli analyzované významné opatrenia osi 1 (Zvýšenie konkurencieschopnosti sektora poľnohospodárstva a lesného hospodárstva) Programu rozvoja vidieka SR 2007–2013 hlavne z aspektov výšky schválených a čerpaných finančných prostriedkov: opatrenie 1.1 Modernizácia fariem, opatrenie 1.2 Pridávanie hodnoty do poľnohospodárskych produktov a opatrenie 1.3 Skvalitnenie a rozvoj infraštruktúry. 
610 2 0 |a fondy Európskej únie 
610 2 0 |a rozvoj vidieka 
610 2 0 |a Slovensko 
100 1 |a Vajcíková, Ružena 
700 1 |a Rybár, Vladimír 
700 1 |a Buday, Michal